LEADER 01279nam a2200277 i 4500 001 000000204118 003 CaOOAMICUS 005 20220627162712.0 008 110719s1967 it u000 u ita u 013 $a182835 040 $aSeMil$bita 100 1 $aManchester, William,$d<1922-2004>.$0(OLS)http://semarc/name/58806 240 14$aThe death of a president.$0(OLS)http://semarc/title/295783 245 10$aMorte di un presidente :$b20-25 novembre 1963 /$cWilliam Manchester ; traduzione di Laura Grimaldi e Vincenzo Mantovani. 264 1$aMilano :$bArnoldo Mondadori Editore,$c1967. 300 $aXIII, 837 p. ;$c23 cm. 490 1 $aLe scie 650 04$aKennedy, John Fitzgerald <1917-1963> - Assassinio.$0(OLS)http://semarc/subject/38470 700 1 $aMantovani, Vincenzo,$d<1935- >.$0(OLS)http://semarc/name/43015 700 1 $aGrimaldi, Laura,$d<1928-2012>.$0(OLS)http://semarc/name/53747 830 3$aLe scie.$0(OLS)http://semarc/title/6825 850 $aSeMil 852 $aSeMil$W1$xVenegono$y1$m3U II 359$j154612$B154612$CSeMilBibl$Z2$F165432 $81 996 $6245$aMorte di un presidente :$b20-25 novembre 1963$9(OLS)http://semarc/title/295782 996 $6264$aMilano :$bArnoldo Mondadori Editore$9(OLS)http://semarc/publisher/30056 LEADER 01128nam a2200253 i 4500 001 000000189089 003 CaOOAMICUS 005 20100429000000.0 008 100429s1965 fr u000 u fre u 013 $a167344 040 $aSeMil$bita 100 1 $aLe Saux, Henri,$c.$0(OLS)http://semarc/name/32067 245 10$aSagesse hindou, mystique chrétienne :$bdu Védanta à la Trinité /$cDom Le Saux. 260 $aParis :$bÉd. du Centurion,$c1965. 300 $a301 p. ;$c23 cm. 490 0 $aL'Église en son temps 650 4$aMistica cristiana.$0(OLS)http://semarc/subject/911 650 4$aCristianesimo e induismo.$0(OLS)http://semarc/subject/4622 650 4$aMistica induista.$0(OLS)http://semarc/subject/9034 830 2$aL'Eglise en son temps [Centurion].$0(OLS)http://semarc/title/43609 850 $aSeMil 852 $aSeMil$W1$xVenegono$y1$m2X IV 200$j139721$B139721$CSeMilBibl$Z2$F151321 $81 996 $6245$aSagesse hindou, mystique chrétienne :$bdu Védanta à la Trinité$9(OLS)http://semarc/title/272235 996 $6260$aParis :$bÉd. du Centurion$9(OLS)http://semarc/publisher/40597